| 000 | 00533nam a2200193Ia 4500 | ||
|---|---|---|---|
| 003 | GCL | ||
| 008 | 140319s9999 xx 000 0 eng d | ||
| 020 | _a9748908631 | ||
| 040 |
_aGCL / _cGCL |
||
| 082 | 0 | 4 |
_a294.3 _bP G |
| 100 | 1 | _aPLAMINTER, SUNTHORN | |
| 245 | 1 | 0 |
_aGETTING TO KNOW BUDDHISM / _cPLAMINTER, SUNTHORN |
| 260 |
_aتايلانــد : _bBUDDHADHAMMA FOUNDATION ، _c1994 |
||
| 300 |
_a18 CM ؛ _c206 P |
||
| 650 | 0 | 4 | _aBUDDHISM |
| 650 | 0 | 4 | _aTHAILAND - RELIGION |
| 650 | 0 | 4 | _aBUDDHISM - THAILAND |
| 942 |
_2ddc _cBK |
||
| 999 |
_c1751 _d1751 |
||